000 00530nam a2200205 4500
005 20190417155945.0
006 000
007 000
008 000
020 _a8187567805
040 _aUOELD
050 _aQA276 .A2 .G86
_b1962
100 _aGun, M. A.
245 _aFundamentals of statistics /
_cA .M . Gun, M . K. Gupta and B. Dasgupta.
260 _aKolkata ;
_bWorld Press :
_cc1962
300 _axiv, 619p . :
_bill .
500 _aincludes index
650 _aFundamentals of Statistics
_xmathematics
942 _2lcc
_cSL2
999 _c16720
_d16720